Tổ chức học phôi thai học

Đã lưu trong:
Sonraí Bibleagrafaíochta
Príomhúdar: Nguyễn, Xuân Hoạt
Formáid: Leabhar
Teanga:Undetermined
Foilsithe: Hà Nội ĐH và THCN 1980
Ábhair:
Clibeanna: Cuir Clib Leis
Gan Chlibeanna, Bí ar an gcéad duine leis an taifead seo a chlibeáil!
Thư viện lưu trữ: Trung tâm Học liệu Trường Đại học Cần Thơ
LEADER 00608nam a2200181Ia 4500
001 CTU_8401
008 210402s9999 xx 000 0 und d
082 |a 571.86 
082 |b H411/2nd 
100 |a Nguyễn, Xuân Hoạt 
245 0 |a Tổ chức học phôi thai học 
245 0 |c Nguyễn Xuân Hoạt, Phạm Đức Lộ 
260 |a Hà Nội 
260 |b ĐH và THCN 
260 |c 1980 
650 |a Anatomy,Embryology 
904 |i Minh, 960912, Mai sửa số PL từ 574.332 thành 571.86 chưa in nhãn 
980 |a Trung tâm Học liệu Trường Đại học Cần Thơ